| 000 | 00433nac a22001331u 4500 | ||
|---|---|---|---|
| 008 | 081013s ua|||||r|||| 000 f ara d | ||
| 020 | _a9773161285 | ||
| 082 |
_a813.962 _bم ح ف |
||
| 245 |
_aبداية ونهاية / _cنجيب محفوظ |
||
| 260 |
_aالقاهرة : _bمكتبة مصر , [199?] _c[199?] |
||
| 300 |
_a373 ص ؛ _c16 سم . |
||
| 490 |
_922243 _aمطبوعات مكتبة مصر |
||
| 942 |
_cBB _k813.962م ح ف _2ddc |
||
| 999 |
_c3714 _d3714 |
||